[Event "28th WSCC2018 - Open 65+"]
[Site "Bled"]
[Date "2018.11.26"]
[Round "8.29"]
[White "Nukin, Tolegen"]
[Black "Biller, Helmut"]
[Result "1-0"]
[WhiteElo "2171"]
[BlackElo "2035"]
[PlyCount "69"]
[EventDate "2018.11.18"]

1. e4 e5 2. Nf3 Nc6 3. Bb5 a6 4. Bxc6 dxc6 5. O-O Bg4 6. h3 h5 7. d3 Qf6 8.
Nbd2 Bc5 9. Nc4 Bxf3 10. Qxf3 Qxf3 11. gxf3 Bd6 12. f4 exf4 13. Nxd6+ cxd6 14.
Bxf4 O-O-O 15. f3 Ne7 16. Kf2 f6 17. Rg1 g5 18. Bd2 Rdg8 19. Bc3 Rh6 20. f4
Rhg6 21. f5 Rh6 22. h4 g4 23. Kg3 c5 24. b4 Nc6 25. bxc5 dxc5 26. a4 b6 27. Ra2
Kc7 28. Rb2 Rb8 29. Rgb1 a5 30. Kf4 Nb4 31. d4 Rd8 32. d5 Kd7 33. Rd1 Ke7 34.
Be1 Rb8 35. c3 1-0

[Event "28th WSCC2018 - Open 65+"]
[Site "Bled"]
[Date "2018.11.26"]
[Round "8.30"]
[White "Reynolds, D Ian W"]
[Black "Vinke, Dietmar"]
[Result "1/2-1/2"]
[WhiteElo "1969"]
[BlackElo "2163"]
[PlyCount "20"]
[EventDate "2018.11.18"]

1. e4 c6 2. d4 d5 3. Nc3 g6 4. Nf3 Bg7 5. e5 f6 6. Bf4 Nh6 7. Bd3 Nf7 8. Qe2 e6
9. O-O-O Nd7 10. Kb1 fxe5 1/2-1/2

[Event "28th WSCC2018 - Open 65+"]
[Site "Bled"]
[Date "2018.11.26"]
[Round "8.31"]
[White "Green, Per"]
[Black "Raikin, Leonid"]
[Result "1/2-1/2"]
[WhiteElo "1919"]
[BlackElo "2144"]
[PlyCount "54"]
[EventDate "2018.11.18"]

1. c4 c6 2. g3 d5 3. Nf3 Nf6 4. Bg2 Bf5 5. Qb3 Qb6 6. d3 Qxb3 7. axb3 e6 8. Be3
a6 9. Nc3 Nbd7 10. cxd5 cxd5 11. Nh4 Bg6 12. Nxg6 hxg6 13. h3 Be7 14. O-O O-O
15. Rfc1 Rfc8 16. Na4 Ne8 17. Nb6 Nxb6 18. Bxb6 Bf6 19. d4 Nd6 20. e3 Rxc1+ 21.
Rxc1 Rc8 22. Rc3 Be7 23. Kf1 Kf8 24. Bc5 Ke8 25. Bxd6 Rxc3 26. bxc3 Bxd6 27.
Ke2 Kd7 1/2-1/2

[Event "28th WSCC2018 - Open 65+"]
[Site "Bled"]
[Date "2018.11.26"]
[Round "8.32"]
[White "Henrichsen, Erland"]
[Black "Iudicello, Giovanni"]
[Result "0-1"]
[WhiteElo "1962"]
[BlackElo "2138"]
[PlyCount "48"]
[EventDate "2018.11.18"]

1. d4 Nf6 2. Nf3 g6 3. Nc3 d5 4. Bf4 Bg7 5. Qd2 O-O 6. Bh6 Ne4 7. Nxe4 dxe4 8.
Bxg7 Kxg7 9. Ng5 Qd5 10. h4 h6 11. Nh3 e5 12. e3 exd4 13. Nf4 Qd6 14. O-O-O Nc6
15. exd4 Bg4 16. Be2 Bxe2 17. Nxe2 Ne7 18. Qe3 f5 19. Nf4 Nd5 20. Nxd5 Qxd5 21.
Qf4 Rf7 22. Kb1 Re8 23. Rd2 Re6 24. g3 e3 0-1

[Event "28th WSCC2018 - Open 65+"]
[Site "Bled"]
[Date "2018.11.26"]
[Round "8.33"]
[White "Van Oosten, Arend"]
[Black "Kratschmer, Heinz"]
[Result "1-0"]
[WhiteElo "2137"]
[BlackElo "2035"]
[PlyCount "119"]
[EventDate "2018.11.18"]

1. e4 c5 2. Nc3 g6 3. g3 Bg7 4. Bg2 Nc6 5. d3 Rb8 6. Be3 b5 7. Qd2 b4 8. Nd1 d6
9. f4 e6 10. Nf3 Nd4 11. Nh4 Ne7 12. c3 bxc3 13. bxc3 Ndc6 14. O-O f5 15. Bf2
Ba6 16. exf5 exf5 17. Re1 O-O 18. Nf3 h6 19. d4 cxd4 20. Nxd4 Nxd4 21. Bxd4 Qc7
22. Nf2 Nc6 23. Bxg7 Kxg7 24. Rad1 Rfe8 25. h4 Rxe1+ 26. Rxe1 Rd8 27. Qd5 Bb7
28. Kh2 Qf7 29. Rb1 Ba8 30. Nd1 Qxd5 31. Bxd5 Ne7 32. Bxa8 Rxa8 33. Rb7 Kf6 34.
Kg2 a5 35. a4 Nd5 36. c4 Nb4 37. Ne3 Ke6 38. Kf3 Rc8 39. Ke2 h5 40. Kd2 Rc6 41.
Rb5 Rc5 42. Kc3 Kd7 43. Rb7+ Ke6 44. Rb5 Kd7 45. Kb3 Kc6 46. Kc3 Kd7 47. Nf1
Ke6 48. Nd2 Kd7 49. Nb3 Nd5+ 50. Kd4 Rxb5 51. cxb5 Nb6 52. Nxa5 Nxa4 53. Nc4
Ke6 54. b6 Kd7 55. b7 Kc7 56. Nxd6 Nb6 57. Ke5 Nd7+ 58. Ke6 Nb8 59. Ne8+ Kxb7
60. Kf6 1-0

[Event "28th WSCC2018 - Open 65+"]
[Site "Bled"]
[Date "2018.11.26"]
[Round "8.34"]
[White "Cicek, Cemil"]
[Black "Vikulov, Alexander"]
[Result "1-0"]
[WhiteElo "1775"]
[BlackElo "2127"]
[PlyCount "113"]
[EventDate "2018.11.18"]

1. d4 Nf6 2. c4 c5 3. d5 e6 4. Nc3 exd5 5. cxd5 d6 6. Nf3 g6 7. g3 Bg7 8. Bg2
O-O 9. O-O Re8 10. Re1 a6 11. a4 b6 12. Bg5 h6 13. Bf4 Nh5 14. Bd2 Nd7 15. e4
Rb8 16. Qe2 Nf8 17. Qc4 Qd7 18. Bf1 Qb7 19. Rab1 Bg4 20. Kg2 Ra8 21. h3 Bxf3+
22. Kxf3 Nd7 23. Kg2 Ne5 24. Qb3 g5 25. Nd1 Rab8 26. Ne3 b5 27. axb5 axb5 28.
Nf5 c4 29. Qd1 g4 30. hxg4 Nf6 31. Bxh6 Bxh6 32. Nxh6+ Kf8 33. g5 Ng8 34. Nf5
Red8 35. Qh5 Ke8 36. f4 Ng6 37. Be2 Kd7 38. Qh7 Rf8 39. Bf3 N8e7 40. Nh6 Nh8
41. e5 Neg6 42. e6+ Kd8 43. f5 Ne5 44. Rxe5 dxe5 45. d6 e4 46. e7+ Kd7 47.
exf8=N+ Rxf8 48. Bg4 Kc6 49. Rd1 b4 50. d7 c3 51. bxc3 bxc3 52. Qg7 Qb2+ 53.
Kh3 Rd8 54. Qf6+ Kc7 55. Qe5+ Kb7 56. Qxe4+ Kc7 57. Qe5+ 1-0

[Event "28th WSCC2018 - Open 65+"]
[Site "Bled"]
[Date "2018.11.26"]
[Round "8.35"]
[White "Gundersen, Helge"]
[Black "Myall, Ivan J"]
[Result "1/2-1/2"]
[WhiteElo "2109"]
[BlackElo "1995"]
[PlyCount "92"]
[EventDate "2018.11.18"]

1. e4 e5 2. Nc3 Nf6 3. g3 Bc5 4. Bg2 a6 5. Nf3 d6 6. h3 Nc6 7. d3 h6 8. O-O Be6
9. a3 Qd7 10. Kh2 g5 11. Ng1 O-O-O 12. Be3 Rdg8 13. b4 Bd4 14. Bxd4 Nxd4 15.
Nd5 Bxd5 16. exd5 Qa4 17. c3 Qxd1 18. Rfxd1 Nb5 19. Rdc1 h5 20. a4 Na7 21. c4
Ng4+ 22. hxg4 hxg4+ 23. Bh3 f5 24. c5 Kd7 25. Ra2 gxh3 26. Rac2 c6 27. cxd6
Kxd6 28. dxc6 Nxc6 29. b5 axb5 30. axb5 Ne7 31. Nf3 g4 32. Nd2 Rc8 33. Nc4+ Ke6
34. Re2 Ng6 35. Rce1 Rc5 36. b6 Rd8 37. Re3 Kf6 38. f3 Rd4 39. fxg4 fxg4 40.
Re4 Rxe4 41. Rxe4 Kg5 42. Ne3 Nf4 43. d4 Rb5 44. Rxe5+ Rxe5 45. gxf4+ Kxf4 46.
dxe5 Kxe5 1/2-1/2

[Event "28th WSCC2018 - Open 65+"]
[Site "Bled"]
[Date "2018.11.26"]
[Round "8.36"]
[White "Siegmund, Rainer"]
[Black "Svensson, Soren"]
[Result "1-0"]
[WhiteElo "2102"]
[BlackElo "1987"]
[PlyCount "61"]
[EventDate "2018.11.18"]

1. d4 d5 2. c4 c6 3. Nf3 Nf6 4. Nc3 e6 5. e3 Nbd7 6. Qc2 Bd6 7. Bd3 O-O 8. O-O
dxc4 9. Bxc4 b5 10. Be2 Bb7 11. Rd1 Qc7 12. e4 e5 13. dxe5 Nxe5 14. g3 a6 15.
Bg5 Rad8 16. Bxf6 gxf6 17. Nh4 Bc8 18. Nf5 Bxf5 19. exf5 Be7 20. Ne4 c5 21. Nc3
Nc6 22. Nd5 Qa7 23. Qe4 Kg7 24. Bf3 Ne5 25. Bg2 Bd6 26. Qh4 Be7 27. Re1 Rd7 28.
Rxe5 fxe5 29. f6+ Bxf6 30. Qxf6+ Kg8 31. Qxe5 1-0

[Event "28th WSCC2018 - Open 65+"]
[Site "Bled"]
[Date "2018.11.26"]
[Round "8.37"]
[White "Norman, Kenneth I"]
[Black "Holzmann, Herbert"]
[Result "1/2-1/2"]
[WhiteElo "2099"]
[BlackElo "1955"]
[PlyCount "144"]
[EventDate "2018.11.18"]

1. Nf3 Nf6 2. c4 d6 3. d4 Nbd7 4. Nc3 c6 5. e4 e5 6. Be2 Be7 7. O-O O-O 8. Re1
Ne8 9. Bf1 g6 10. Bh6 Ng7 11. Qd2 Re8 12. Rad1 Bf8 13. h3 a6 14. a3 Qc7 15. Qc2
b6 16. b4 Bb7 17. dxe5 Nxe5 18. Nxe5 dxe5 19. Be3 a5 20. Qb3 axb4 21. axb4 Bc8
22. Na4 Rb8 23. c5 b5 24. Nb6 Be6 25. Qc3 Rbd8 26. Bg5 Rxd1 27. Rxd1 f5 28. Bf6
fxe4 29. Bxe5 Qf7 30. Bd6 Nf5 31. Bxf8 Rxf8 32. Qe1 h5 33. Qxe4 h4 34. Qe1 Re8
35. Qd2 Bb3 36. Re1 Rxe1 37. Qxe1 Qf6 38. Nd7 Qd4 39. Qe8+ Kh7 40. Nf8+ Kg7 41.
Qxg6+ Kxf8 42. Qxf5+ Ke7 43. Qg5+ Kd7 44. Qg4+ Qxg4 45. hxg4 Ke6 46. g5 Bc2 47.
Be2 Bg6 48. Bf3 Be8 49. Kh2 Kf5 50. g6 Kxg6 51. Be4+ Kg5 52. g3 Bd7 53. f3
hxg3+ 54. Kxg3 Be8 55. f4+ Kf6 56. Kg4 Bd7+ 57. Kh5 Be8+ 58. Kh6 Bd7 59. Kh7
Kf7 60. Kh6 Kf6 61. Kh5 Be8+ 62. Kg4 Bd7+ 63. Kf3 Ke6 64. Ke3 Be8 65. Kd4 Bd7
66. Bg2 Kf6 67. Bf3 Kf5 68. Ke3 Be8 69. Bg2 Kf6 70. Bh3 Bf7 71. Bd7 Bd5 72. Kd4
Bg2 1/2-1/2

[Event "28th WSCC2018 - Open 65+"]
[Site "Bled"]
[Date "2018.11.26"]
[Round "8.38"]
[White "Gruzmann, Boris"]
[Black "Choong, Liong-On Mark"]
[Result "1-0"]
[WhiteElo "2215"]
[BlackElo "1932"]
[PlyCount "39"]
[EventDate "2018.11.18"]

1. e4 c5 2. Nf3 Nc6 3. d4 cxd4 4. Nxd4 Qc7 5. Nc3 e6 6. Be3 a6 7. f4 Bb4 8. Bd3
Nf6 9. O-O Nxd4 10. Bxd4 Bc5 11. Bxc5 Qxc5+ 12. Kh1 d6 13. Qe2 e5 14. Nd5 Ng4
15. b4 Qa7 16. Nc7+ Kf8 17. Nxa8 Qxa8 18. h3 Nf6 19. fxe5 dxe5 20. Qe3 1-0

[Event "28th WSCC2018 - Open 65+"]
[Site "Bled"]
[Date "2018.11.26"]
[Round "8.39"]
[White "Strand, Kjetil"]
[Black "Karnar, Marijan"]
[Result "1-0"]
[WhiteElo "1995"]
[BlackElo "2226"]
[PlyCount "41"]
[EventDate "2018.11.18"]

1. e4 e6 2. d4 d5 3. Nd2 Nf6 4. e5 Nfd7 5. Bd3 c5 6. c3 Nc6 7. Ngf3 cxd4 8.
cxd4 Qb6 9. O-O Be7 10. Re1 g5 11. Nb1 f6 12. Nc3 O-O 13. Nxg5 fxg5 14. Qh5 Rf5
15. Nxd5 Qd8 16. Bxf5 Nf8 17. Nxe7+ Nxe7 18. Bc2 Bd7 19. Bxg5 Qe8 20. Qxe8 Rxe8
21. Be4 1-0

[Event "28th WSCC2018 - Open 65+"]
[Site "Bled"]
[Date "2018.11.26"]
[Round "8.40"]
[White "Kolbak, Jens"]
[Black "Danielsson, Robert"]
[Result "1/2-1/2"]
[WhiteElo "2173"]
[BlackElo "1968"]
[PlyCount "34"]
[EventDate "2018.11.18"]

1. d4 Nf6 2. c4 g6 3. Nc3 d5 4. Nf3 Bg7 5. e3 O-O 6. Bd3 c5 7. dxc5 dxc4 8.
Bxc4 Qxd1+ 9. Kxd1 Nbd7 10. Ke2 Nxc5 11. Rd1 Be6 12. Bxe6 Nxe6 13. Bd2 Rfd8 14.
Be1 Kf8 15. Rac1 Ke8 16. h3 Rxd1 17. Rxd1 Rd8 1/2-1/2

[Event "28th WSCC2018 - Open 65+"]
[Site "Bled"]
[Date "2018.11.26"]
[Round "8.41"]
[White "Haubt, Georg"]
[Black "Sand, Rolf"]
[Result "1-0"]
[WhiteElo "2136"]
[BlackElo "1989"]
[PlyCount "51"]
[EventDate "2018.11.18"]

1. d4 Nf6 2. Bf4 g6 3. Nd2 Bg7 4. e4 d6 5. c3 O-O 6. Ngf3 c5 7. h3 cxd4 8. cxd4
d5 9. e5 Ne4 10. Bd3 Nxd2 11. Bxd2 Nc6 12. O-O f6 13. Re1 fxe5 14. dxe5 Bf5 15.
Bc3 Bxd3 16. Qxd3 e6 17. b4 a6 18. a4 Rf5 19. Rad1 Qf8 20. b5 axb5 21. axb5 Na5
22. Nd4 Qf7 23. Nxf5 gxf5 24. Ra1 b6 25. Qd2 Qc7 26. Rec1 1-0

[Event "28th WSCC2018 - Open 65+"]
[Site "Bled"]
[Date "2018.11.26"]
[Round "8.42"]
[White "Nickel, Arno"]
[Black "Batakovs, Olegs"]
[Result "1/2-1/2"]
[WhiteElo "2100"]
[BlackElo "1945"]
[PlyCount "23"]
[EventDate "2018.11.18"]

1. d4 Nf6 2. Nf3 d6 3. b3 g6 4. Bb2 Bg7 5. e3 O-O 6. Be2 e5 7. dxe5 Ng4 8. O-O
Nc6 9. Qc1 Ngxe5 10. Nbd2 Bd7 11. Nxe5 Nxe5 12. Nf3 1/2-1/2

[Event "28th WSCC2018 - Open 65+"]
[Site "Bled"]
[Date "2018.11.26"]
[Round "8.43"]
[White "Mayer, Roland"]
[Black "Bhopal, Raj"]
[Result "1/2-1/2"]
[WhiteElo "2076"]
[BlackElo "1929"]
[Annotator "uporabnik"]
[PlyCount "71"]
[EventDate "2018.11.18"]

1. e4 c5 2. c3 Nf6 3. d3 g6 4. f4 Bg7 5. Nf3 d6 6. g3 Nc6 7. Bg2 O-O 8. O-O Bd7
9. h3 Rb8 10. Be3 b5 11. a3 a5 12. Nbd2 b4 13. axb4 axb4 14. d4 cxd4 15. cxd4
Na5 16. Re1 Bb5 17. Bf2 Nc4 18. Nxc4 Bxc4 19. Nd2 Bb5 20. Qb3 Bd7 21. Ra7 Ne8
22. e5 dxe5 23. fxe5 Nc7 24. d5 Bc8 25. Ra4 Kh8 26. Qc4 f6 27. exf6 Bxf6 28.
Bd4 Ba6 29. Qc5 Rb5 30. Bxf6+ exf6 31. Qe7 Qxe7 32. Rxe7 Nxd5 33. Bxd5 Rxd5 34.
Ne4 f5 35. Ng5 Rd1+ 36. Kf2 {....} 1/2-1/2

[Event "28th WSCC2018 - Open 65+"]
[Site "Bled"]
[Date "2018.11.26"]
[Round "8.44"]
[White "Ramusch, Arnulf"]
[Black "Hohler, Peter"]
[Result "0-1"]
[WhiteElo "1954"]
[BlackElo "2048"]
[PlyCount "122"]
[EventDate "2018.11.18"]

1. d4 Nf6 2. c4 e6 3. Nc3 Bb4 4. e3 O-O 5. Nge2 d5 6. cxd5 exd5 7. g3 c6 8. Bg2
Na6 9. O-O Nc7 10. Qc2 Re8 11. f3 c5 12. a3 cxd4 13. Nxd4 Bd6 14. Bd2 Ne6 15.
Nce2 Bd7 16. Bc3 Rc8 17. Qd2 Nc5 18. Rae1 Na4 19. Kf2 Nb6 20. Nf4 Nc4 21. Qc1
Qc7 22. Re2 Nxa3 23. Qa1 Nb5 24. Rd1 Nxc3 25. bxc3 b6 26. Qa2 Qc4 27. Ra1 a5
28. Bf1 Qxa2 29. Rexa2 Rxc3 30. Nd3 Bc5 31. Rb2 a4 32. g4 h6 33. h4 g5 34. hxg5
hxg5 35. Nc2 Rc8 36. Ncb4 Bd6 37. Rd1 Bxb4 38. Nxb4 Rb3 39. Rdd2 Rxb2 40. Rxb2
b5 41. Bd3 Kf8 42. Bb1 Ke7 43. Ba2 Be6 44. Rd2 d4 45. exd4 Bxa2 46. Nxa2 Nd5
47. Rb2 Kd6 48. Ke2 a3 49. Rxb5 Rc2+ 50. Kd3 Rxa2 51. Ra5 f6 52. Ke4 Re2+ 53.
Kf5 Re3 54. Ra6+ Kc7 55. Ra5 Kb6 56. Rxd5 a2 57. Rd6+ Kb5 58. Rxf6 Rxf3+ 59.
Kg6 Rxf6+ 60. Kxf6 a1=Q 61. Kxg5 Qxd4 0-1

[Event "28th WSCC2018 - Open 65+"]
[Site "Bled"]
[Date "2018.11.26"]
[Round "8.45"]
[White "Bondar, Leonid"]
[Black "Archangelsky, Mikhail"]
[Result "0-1"]
[WhiteElo "1931"]
[BlackElo "2043"]
[PlyCount "81"]
[EventDate "2018.11.18"]

1. e4 e6 2. d4 d5 3. Nd2 c5 4. Ngf3 cxd4 5. Nxd4 Nf6 6. e5 Nfd7 7. f4 Nxe5 8.
N2b3 Nec6 9. Nf3 Bd6 10. Bd3 Qc7 11. g3 Nd7 12. c3 Nf6 13. Qc2 Bd7 14. Be3 b6
15. O-O-O O-O 16. Rdf1 Rfc8 17. Ba6 Nb4 18. Qe2 Nxa6 19. Qxa6 Ne4 20. Qd3 a5
21. Nbd4 b5 22. Ng5 b4 23. Nxe4 dxe4 24. Qxe4 bxc3 25. b3 a4 26. Qc2 axb3 27.
Nxb3 Ba3+ 28. Kd1 Bb5 29. Nd4 Bxf1 30. Rxf1 Qc4 31. Qe2 Qb4 32. Qd3 Rab8 33.
Ke2 Qc4 34. Qxc4 Rxc4 35. Kd3 Rcc8 36. Nc2 Bb2 37. Bd4 Ra8 38. a3 Rab8 39. Rb1
f6 40. h3 Kf7 41. Re1 0-1

[Event "28th WSCC2018 - Open 65+"]
[Site "Bled"]
[Date "2018.11.26"]
[Round "8.46"]
[White "Taksrud, Vidar"]
[Black "Marcovici, Adrian"]
[Result "0-1"]
[WhiteElo "2038"]
[BlackElo "1910"]
[PlyCount "94"]
[EventDate "2018.11.18"]

1. c4 e6 2. d4 d5 3. Nc3 Be7 4. Nf3 Nf6 5. Bf4 O-O 6. e3 c5 7. dxc5 Bxc5 8. Rc1
dxc4 9. Qxd8 Rxd8 10. Bxc4 a6 11. O-O Nc6 12. Rfd1 Rxd1+ 13. Rxd1 b5 14. Be2
Bb7 15. Rc1 Be7 16. Ne5 Nxe5 17. Bxe5 Rc8 18. Bf3 Bxf3 19. gxf3 Nd7 20. Bg3 b4
21. Ne2 Rxc1+ 22. Nxc1 Nc5 23. b3 Kf8 24. Kf1 Ke8 25. Ke2 f6 26. Nd3 Nb7 27. e4
Kd7 28. Bb8 Kc6 29. Ba7 g5 30. h3 Kb5 31. f4 Nd6 32. f3 Nf7 33. Be3 h6 34. Kf2
Nh8 35. Kg3 f5 36. Bd4 Ng6 37. Bg7 h5 38. Bh6 gxf4+ 39. Nxf4 Bd6 40. h4 Kc5 41.
Bg5 Be5 42. Bh6 Kd4 43. exf5 exf5 44. Bg5 Ke3 45. Bd8 Bxf4+ 46. Kg2 Kd3 47. Kf2
Bd6 0-1

[Event "28th WSCC2018 - Open 65+"]
[Site "Bled"]
[Date "2018.11.26"]
[Round "8.47"]
[White "Sorcnik, Franc"]
[Black "Korenevski, Oleg"]
[Result "1/2-1/2"]
[WhiteElo "2028"]
[BlackElo "1797"]
[PlyCount "70"]
[EventDate "2018.11.18"]

1. e4 e5 2. Nf3 Nc6 3. Bb5 a6 4. Ba4 Nf6 5. O-O Be7 6. Re1 b5 7. Bb3 O-O 8. c3
d6 9. h3 Bb7 10. d3 Na5 11. Bc2 c5 12. Nbd2 Nc6 13. Nf1 Re8 14. Ng3 g6 15. Nh2
d5 16. Qe2 d4 17. Ng4 Bc8 18. Nh6+ Kg7 19. Bb3 Be6 20. Bxe6 fxe6 21. Ng4 Ng8
22. cxd4 Nxd4 23. Qd2 Bf6 24. Ne2 h5 25. Nh2 Qd6 26. Nxd4 exd4 27. g4 e5 28. b3
Rab8 29. gxh5 gxh5 30. Kh1 Qe6 31. Rg1+ Kh7 32. Qe2 Qxh3 33. Bg5 Bxg5 34. Rxg5
Nf6 35. f3 Re6 1/2-1/2

[Event "28th WSCC2018 - Open 65+"]
[Site "Bled"]
[Date "2018.11.26"]
[Round "8.48"]
[White "Patola, Eero"]
[Black "Harding, Tim D"]
[Result "0-1"]
[WhiteElo "1838"]
[BlackElo "2027"]
[PlyCount "68"]
[EventDate "2018.11.18"]

1. c4 c5 2. Nc3 Nc6 3. g3 g6 4. Bg2 Bg7 5. e4 e6 6. Nge2 d6 7. d3 Nge7 8. O-O
O-O 9. Rb1 b6 10. a3 Bb7 11. h3 Qd7 12. f4 f5 13. Be3 Nd4 14. Bf2 Rae8 15. Nxd4
cxd4 16. Ne2 e5 17. Kh2 Kh8 18. b4 Ng8 19. fxe5 dxe5 20. Bg1 Nf6 21. exf5 Bxg2
22. Kxg2 gxf5 23. Qc2 f4 24. Rf3 Rg8 25. Rbf1 Nh5 26. Bh2 fxg3 27. Bxg3 Bh6 28.
Rf7 Qc6+ 29. Kh2 Nxg3 30. Nxg3 Bf4 31. R1xf4 exf4 32. Rxf4 Re3 33. Rg4 Rxg4 34.
hxg4 Qf3 0-1

[Event "28th WSCC2018 - Open 65+"]
[Site "Bled"]
[Date "2018.11.26"]
[Round "8.49"]
[White "Lotsov Har-Zahav, Avraham"]
[Black "Pitzl, Konstantinos"]
[Result "1/2-1/2"]
[WhiteElo "1700"]
[BlackElo "2020"]
[Annotator "uporabnik"]
[PlyCount "58"]
[EventDate "2018.11.18"]

1. Nf3 Nf6 2. b3 g6 3. Bb2 Bg7 4. g3 O-O 5. Bg2 d6 6. O-O c6 7. d3 e5 8. Nbd2
Re8 9. e4 Nbd7 10. Nc4 Bf8 11. a4 Qc7 12. Ne3 Nc5 13. Ng5 Bg7 14. f4 h6 15.
fxe5 dxe5 16. Nh3 Ne6 17. Nf2 h5 18. Nc4 Nh7 19. Qd2 Nd4 20. Nh3 Bxh3 21. Bxh3
Rad8 22. Rf2 Re7 23. Bc3 c5 24. Raf1 b6 25. Qd1 Rf8 26. Ne3 Qd6 27. Nd5 Rb7 28.
Be1 f5 29. Bg2 Rbf7 {....} 1/2-1/2

[Event "28th WSCC2018 - Open 65+"]
[Site "Bled"]
[Date "2018.11.26"]
[Round "8.50"]
[White "Hewson, Brian W R"]
[Black "Schramek, Kurt"]
[Result "1/2-1/2"]
[WhiteElo "2000"]
[BlackElo "1569"]
[PlyCount "107"]
[EventDate "2018.11.18"]

1. c4 c5 2. g3 g6 3. Bg2 Bg7 4. Nc3 Nc6 5. d3 e5 6. Rb1 Nge7 7. Bd2 a5 8. a3
O-O 9. e3 d6 10. Nge2 Rb8 11. O-O Bf5 12. e4 Bg4 13. f3 Be6 14. Nb5 f5 15. Nec3
Nd4 16. Nxd4 exd4 17. Nb5 Nc6 18. Qc2 b6 19. Rbe1 Qd7 20. Bf4 Be5 21. Bh6 Bg7
22. Bxg7 Kxg7 23. f4 Rbe8 24. Qa4 Na7 25. b4 Nxb5 26. cxb5 axb4 27. exf5 Bxf5
28. Bc6 Rxe1 29. Rxe1 Qf7 30. axb4 Bxd3 31. bxc5 dxc5 32. Qa6 Qc7 33. Qa3 Bf5
34. Qf3 Rf7 35. g4 Bc8 36. f5 gxf5 37. g5 Re7 38. Ra1 Qe5 39. Qh5 Qe3+ 40. Kh1
Qe6 41. Rg1 Bd7 42. Bf3 Bxb5 43. Rb1 Bc6 44. Qh6+ Qxh6 45. gxh6+ Kxh6 46. Rxb6
Re6 47. Rxc6 Rxc6 48. Bxc6 Kg5 49. Kg2 Kf4 50. Kf2 c4 51. Bb5 c3 52. Bd3 h5 53.
Bc2 Ke5 54. Kf3 1/2-1/2

[Event "28th WSCC2018 - Open 65+"]
[Site "Bled"]
[Date "2018.11.26"]
[Round "8.51"]
[White "Muratoglu, Salih"]
[Black "Pastor Alonso De Prado, Alberto"]
[Result "1/2-1/2"]
[WhiteElo "1942"]
[BlackElo "2102"]
[PlyCount "144"]
[EventDate "2018.11.18"]

1. d4 e6 2. c4 d5 3. Nf3 Nf6 4. Bf4 c5 5. e3 Nc6 6. a3 Qb6 7. Nc3 Qa5 8. dxc5
dxc4 9. Bxc4 Qxc5 10. Qd3 Be7 11. b4 Qf5 12. Qxf5 exf5 13. Nb5 O-O 14. Nc7 Rb8
15. b5 Na5 16. Nd5 Nxd5 17. Bxd5 Ra8 18. Nd4 Rd8 19. Ba2 Bd6 20. Bg5 Re8 21.
O-O Bd7 22. Rfd1 Bc5 23. a4 Rac8 24. Bd5 Kf8 25. Bf4 Ke7 26. Nf3 Be6 27. Bxe6
Kxe6 28. Ng5+ Ke7 29. Rd5 f6 30. Nf3 Red8 31. Rxd8 Kxd8 32. h4 Ke7 33. h5 Bd6
34. Bxd6+ Kxd6 35. Rd1+ Ke7 36. Rd4 b6 37. Nh4 Ke6 38. Rf4 Rc5 39. Nf3 g6 40.
h6 Rc1+ 41. Kh2 Rc4 42. Nd4+ Kd5 43. g4 Rxa4 44. Ne2 Rc4 45. Kg3 Nb3 46. f3 Nc5
47. gxf5 g5 48. Rxc4 Kxc4 49. Nd4 a5 50. bxa6 Nxa6 51. Ne6 b5 52. Nf8 b4 53.
Nxh7 b3 54. Nxg5 b2 55. Ne4 Kd3 56. h7 b1=Q 57. h8=Q Qg1+ 58. Kf4 Qxe3+ 59. Kg4
Qg1+ 60. Ng3 Qd4+ 61. Kh3 Nb4 62. Qe8 Nd5 63. Qe2+ Kc3 64. Qe4 Qd3 65. Qa4 Kd2
66. Qe4 Kc3 67. Kg4 Ne3+ 68. Kh5 Qxe4 69. fxe4 Kd4 70. Kg6 Ke5 71. Nh5 Kxe4 72.
Nxf6+ Ke5 1/2-1/2

[Event "28th WSCC2018 - Open 65+"]
[Site "Bled"]
[Date "2018.11.26"]
[Round "8.52"]
[White "Doubleday, William G"]
[Black "Toefferl, Heimo"]
[Result "1-0"]
[WhiteElo "1929"]
[BlackElo "2082"]
[PlyCount "70"]
[EventDate "2018.11.18"]

1. d4 d5 2. c4 c6 3. e3 e6 4. Nf3 Bd6 5. b3 Ne7 6. Be2 O-O 7. O-O Nd7 8. Bb2
Ng6 9. Nbd2 f5 10. g3 Nf6 11. Ne5 Bd7 12. Qc2 Qe7 13. Rac1 Ne4 14. f3 Ng5 15.
c5 Bc7 16. Kg2 Be8 17. h4 Nf7 18. f4 Ngxe5 19. dxe5 Nh6 20. a3 Bf7 21. Bd4 Qe8
22. Qd1 Kh8 23. Rb1 Rd8 24. b4 b5 25. a4 a6 26. Ra1 Ra8 27. Ra2 bxa4 28. Qxa4
a5 29. Rfa1 Bh5 30. Bd3 Qc8 31. Nb3 Qb7 32. Nxa5 Bxa5 33. bxa5 Rfb8 34. Rb1 Qc7
35. Rab2 Ng4 1-0

[Event "28th WSCC2018 - Open 65+"]
[Site "Bled"]
[Date "2018.11.26"]
[Round "8.53"]
[White "Mckerracher, Douglas"]
[Black "Rositsan, Boris"]
[Result "0-1"]
[WhiteElo "1878"]
[BlackElo "2077"]
[PlyCount "82"]
[EventDate "2018.11.18"]

1. e4 e5 2. Nf3 Nc6 3. Bb5 a6 4. Bxc6 dxc6 5. O-O f6 6. d4 Bd6 7. c3 Bg4 8. Be3
Qe7 9. Nbd2 Nh6 10. Qc2 Nf7 11. dxe5 Nxe5 12. Nxe5 Bxe5 13. f3 Be6 14. Nb3 Bd6
15. Na5 Rb8 16. Qf2 c5 17. Rfe1 O-O 18. f4 Qe8 19. Qc2 Qh5 20. g3 c4 21. b4 Qe8
22. Qe2 b5 23. Ba7 Ra8 24. Bf2 Rb8 25. Rad1 h5 26. f5 Bd7 27. Qf3 h4 28. g4 g5
29. Bd4 Qe7 30. Qf2 Rf7 31. Re2 Qe8 32. Rde1 Be5 33. Rd1 Bf4 34. Rde1 Be5 35.
Rd1 h3 36. Bxe5 Qxe5 37. Qf3 Rb6 38. Rd5 Qe7 39. Red2 Rd6 40. Nb7 Rxd5 41. exd5
Qe1+ 0-1

[Event "28th WSCC2018 - Open 65+"]
[Site "Bled"]
[Date "2018.11.26"]
[Round "8.54"]
[White "Pfitzer, Norbert"]
[Black "James, Kevin"]
[Result "1-0"]
[WhiteElo "2066"]
[BlackElo "1929"]
[PlyCount "85"]
[EventDate "2018.11.18"]

1. d4 c5 2. c3 b6 3. Nf3 Nf6 4. g3 Bb7 5. Bg2 g6 6. O-O Bg7 7. Nbd2 O-O 8. Re1
d5 9. Ne5 Ne4 10. Qc2 Nxd2 11. Bxd2 cxd4 12. cxd4 f6 13. Nd3 Nc6 14. e3 e6 15.
Rac1 Rc8 16. Qb3 Qd7 17. Nf4 Kh8 18. Rc2 Ne7 19. Rec1 Rxc2 20. Rxc2 Rc8 21. Bh3
f5 22. Bf1 Rxc2 23. Qxc2 Nc8 24. Bb4 Kg8 25. Nd3 Qc6 26. Qxc6 Bxc6 27. Ne5 Bxe5
28. dxe5 Kf7 29. Ba6 Ne7 30. Kf1 Bd7 31. Ke2 Bc8 32. Bd3 Bd7 33. f3 b5 34. Kd2
a6 35. Bxe7 Kxe7 36. Kc3 a5 37. Kd4 Kd8 38. Kc5 b4 39. Bb5 b3 40. a3 Bc8 41.
Kb6 Ke7 42. Kxa5 g5 43. f4 1-0

[Event "28th WSCC2018 - Open 65+"]
[Site "Bled"]
[Date "2018.11.26"]
[Round "8.55"]
[White "Gromark, Per-Olof"]
[Black "Hjertenes, Oystein"]
[Result "1-0"]
[WhiteElo "1862"]
[BlackElo "2037"]
[PlyCount "64"]
[EventDate "2018.11.18"]

1. c4 g6 2. e4 Bg7 3. d4 d6 4. Nc3 Nd7 5. Nf3 e5 6. Be2 f6 7. h4 h5 8. dxe5
dxe5 9. b3 Nh6 10. Ba3 Bf8 11. Qc1 Bxa3 12. Qxa3 c6 13. Rd1 Qe7 14. Qb2 Nc5 15.
O-O Bg4 16. b4 Ne6 17. Nd2 Nf4 18. f3 Be6 19. c5 Nxe2+ 20. Nxe2 O-O 21. Nb3 Nf7
22. Na5 Rad8 23. Nc1 Rd7 24. Qc2 Rfd8 25. Ncb3 a6 26. Nd2 f5 27. Ndc4 Qxh4 28.
Rxd7 Rxd7 29. f4 exf4 30. e5 Rd4 31. Qc3 f3 32. Nd2 fxg2 1-0

[Event "28th WSCC2018 - Open 65+"]
[Site "Bled"]
[Date "2018.11.26"]
[Round "8.56"]
[White "Sevenyuk, Alexey"]
[Black "Ciuro Munoz, Ricardo"]
[Result "1-0"]
[WhiteElo "1839"]
[BlackElo "2014"]
[PlyCount "97"]
[EventDate "2018.11.18"]

1. e4 e6 2. d4 d5 3. Nc3 Bb4 4. e5 Qd7 5. a3 Bxc3+ 6. bxc3 b6 7. f4 Ba6 8. Bxa6
Nxa6 9. Qd3 Nb8 10. Nf3 Nc6 11. O-O Nge7 12. c4 dxc4 13. Qxc4 Rd8 14. c3 Na5
15. Qa6 Qc8 16. Qxc8 Rxc8 17. Ng5 Nd5 18. Rf3 Nc4 19. g4 h6 20. Ne4 f5 21. gxf5
exf5 22. Nd2 Nde3 23. Nxc4 Nxc4 24. Ra2 g6 25. Rg2 Kf7 26. Rd3 c6 27. h4 Rhg8
28. Kh2 h5 29. Ra2 Ke6 30. Kg3 Kd5 31. Kf3 Rge8 32. a4 Na5 33. Ke3 Kc4 34. Rb2
Kd5 35. Ke2 Nc4 36. Rb1 a6 37. Bd2 b5 38. axb5 cxb5 39. Rg3 Re6 40. Rbg1 Rcc6
41. Kd3 a5 42. Rb1 Rb6 43. Bc1 a4 44. Rg2 Rec6 45. Ra2 Na5 46. Ba3 Nb3 47. Bb4
Ra6 48. Bd6 Rc4 49. Rxb3 1-0